000 01071nam0a22002771 4500
001 rc\3430478
005 20130115141737.4
021 _aRU
_b[71-68244]
035 _a(NLR Aleph) 007585998
090 _a5559293
_c5559293
100 _a20130115d1971 |||y0rusy50 ca
101 0 _arus
102 _aRU
105 _aa z |||||
200 1 _aСпециальный курс электрических машин
_eУчеб. пособие для студентов специальности "Электр. машины и аппараты"
_fМВ ССО УССР. Львов. политехн. ин-т
210 _aЛьвов
_cБ. и.
_d1971
215 _a157 с.
_cчерт.
_d22
320 _aСписок лит.: с. 149-156 (142 назв.)
606 _aЭлектрические машины
_jПособия для заочников
_2psbo
700 1 _aГубенко
_bТ. П.
_gТихон Павлович
701 1 _aФедан
_bР. Г.
801 0 _aRU
_bNLR
_gpsbo
801 1 _aRU
_bELAR
_2rusmarc
852 _aNLR
_j71-5/4063
942 _cBOOK
980 _aNB